| 000 | 00655nam a2200253Ia 4500 | ||
|---|---|---|---|
| 001 | 16827 | ||
| 003 | GE_BSU | ||
| 008 | 181216s||||||||xx |||||||||||||| ||und|| | ||
| 020 | _a9781780984476 | ||
| 040 | _cGE_BSU | ||
| 080 | _a811.111(075.8) | ||
| 100 | _aEvans, Virginia. Dooley,Jenny | ||
| 245 | _aPrime Time 2. Teacher's Book | ||
| 260 | _aNewbury | ||
| 260 | _bExpress Publishing | ||
| 260 | _c2012 | ||
| 300 | _a248p.ill.30cm. | ||
| 300 | _e+teacher's resource pack CD Room 2+Class CD 2(4) | ||
| 541 | _h7Gel.23T. | ||
| 653 | _aPrime Time 2 | ||
| 653 | _aTeacher's Book | ||
| 653 | _aინგლისური ენა | ||
| 942 | _cBK | ||
| 999 |
_c49892 _d49892 |
||